History of Medieval India/ (Record no. 194079)

MARC details
000 -LEADER
fixed length control field 00870nam a22002057a 4500
005 - DATE AND TIME OF LATEST TRANSACTION
control field 20230419150230.0
010 ## - LCCN (DPL NO)
LC control number B-747077-082 E.N.A./7.11.22
020 ## - INTERNATIONAL STANDARD BOOK NUMBER
International Standard Book Number 9789390122547
Terms of availability 400.00
035 ## - SYSTEM CONTROL NUMBER
System control number B-747077-082
037 ## - SOURCE OF ACQUISITION
Source of stock number/acquisition Vaibhav Publication
082 ## - DEWEY DECIMAL CLASSIFICATION NUMBER
Classification number 954.02
100 ## - MAIN ENTRY--PERSONAL NAME
Personal name Chandra, Satish
245 ## - TITLE STATEMENT
Title History of Medieval India/
Statement of responsibility, etc by Satish Chandra
260 ## - PUBLICATION, DISTRIBUTION, ETC. (IMPRINT)
Place of publication, distribution, etc Telangana
Name of publisher, distributor, etc Orient Blackswan Private Limited
Date of publication, distribution, etc 2020
270 ## - ADDRESS
Address 3-6-752 Himayatnagar
City Telangana
Postal code 500029
Electronic mail address info@orientblackswan.com
300 ## - PHYSICAL DESCRIPTION
Extent xii,418p.
Dimensions 22cm(pbk)
500 ## - GENERAL NOTE
General note Contains Appendix, Bibliography & Index
942 ## - ADDED ENTRY ELEMENTS (KOHA)
Source of classification or shelving scheme Dewey Decimal Classification
Item type English Books
Call number suffix CHA
Classification part 954.02
Holdings
Withdrawn status Lost status Not for loan Collection code Home library Current library Date acquired Source of acquisition Cost, normal purchase price Full call number Barcode Copy number Cost, replacement price Koha item type
      Non-fiction Ashok Vihar Ashok Vihar 19/04/2023 Vaibhav Publications/BL17/28.11.22/222/23.11.22/2.12.22 400.00 954.02 CHA B-747079 1 400.00 English Books
      Non-fiction Central Library Central Library 19/04/2023 Vaibhav Publications/BL17/28.11.22/222/23.11.22/2.12.22 400.00 954.02 CHA B-747077 1 400.00 English Books
      Non-fiction Mobile Library Mobile Library 19/04/2023 Vaibhav Publications/BL17/28.11.22/222/23.11.22/2.12.22 400.00 954.02 CHA B-747078 1 400.00 English Books
      Non-fiction Patel Nagar Patel Nagar 19/04/2023 Vaibhav Publications/BL17/28.11.22/222/23.11.22/2.12.22 400.00 954.02 CHA B-747080 1 400.00 English Books
      Non-fiction Patel Nagar Patel Nagar 19/04/2023 Vaibhav Publications/BL17/28.11.22/222/23.11.22/2.12.22 400.00 954.02 CHA B-747081 1 400.00 English Books
      Non-fiction Shahdara Branch Shahdara Branch 19/04/2023 Vaibhav Publications/BL17/28.11.22/222/23.11.22/2.12.22 400.00 954.02 CHA B-747082 1 400.00 English Books

© Delhi Public Library
Hit Counter
free hit counter